[Event "EIWCC 2018"]
[Site "Vysoke Tatry"]
[Date "2018.04.11"]
[Round "4"]
[White "Warakomska, Anna"]
[Black "Richterova, Natasa"]
[Result "1-0"]
[WhiteElo "2306"]
[BlackElo "2181"]
[Annotator "NA"]
[PlyCount "89"]
[EventDate "2018.??.??"]
[EventType "swiss"]
[EventCountry "SVK"]
[SourceTitle "playchess.com"]
[Source "ChessBase"]
[SourceQuality "1"]
[TimeControl "40/5400+30:1800+30"]

1. d4 {[%emt 0:00:00]} d5 {[%emt 0:00:12]} 2. Bf4 {[%emt 0:00:00]} Nf6 {[%emt 0:00:39]} 3. e3 {[%emt 0:00:01]} Bf5 {[%emt 0:07:00]} 4. c4 {[%emt 0:06:20]} c6 {[%emt 0:01:35]} 5. Nc3 {[%emt 0:07:16]} e6 {[%emt 0:01:29] D10: Slav Defence: 3 cxd5 (without early Nf3) and 3 Nc3} 6. Qb3 {[%emt 0:00:25]} (6. Nf3 Nbd7 7. Be2 Be7 8. h3 h6 9. O-O O-O 10. a3 a6 11. Rc1 Ne4 12. Qb3 Qb6 13. Qa2 Rac8 14. Rfd1 Rfd8 15. b4 dxc4 16. Nxe4 Bxe4 17. Nd2 Bd3 18. Nxc4 Bxc4 19. Rxc4 {1-0 (59) Laznicka,V (2647)-Short,N (2678) Riadh 2017}) 6... Qb6 {[%emt 0:08:32]} 7. c5 {[%emt 0:00:54]} Qxb3 {[%emt 0:00:06]} 8. axb3 {[%emt 0:00:03]} Nbd7 {[%emt 0:00:53]} 9. b4 {[%emt 0:00:56]} Nh5 {[%emt 0:01:08] LiveBook: 7 Games} 10. b5 {[%emt 0:12:46]} (10. Bc7 $16) 10... e5 $2 {[%emt 0:07:00]} (10... Nxf4 $11 {and Black is okay.} 11. exf4 Be7) 11. Bxe5 {[%emt 0:03:08]} Nxe5 {[%emt 0:00:37]} 12. dxe5 {[%emt 0:03:51]} g5 {[%emt 0:12:50]} 13. Be2 {[%emt 0:05:56]} Ng7 $146 {[%emt 0:01:34]} 14. b4 {[%emt 0:01:36]} Be7 {[%emt 0:02:08]} (14... Bd7 $16 {might work better.} 15. Nf3 Ne6) 15. Nf3 {[%emt 0:03:40]} Ne6 {[%emt 0:02:22]} 16. O-O {[%emt 0:04:12]} f6 {[%emt 0:02:54]} 17. bxc6 {[%emt 0:04:36]} bxc6 {[%emt 0:01:45]} 18. Ra6 {[%emt 0:03:16]} fxe5 {[%emt 0:11:28]} (18... Rc8 $142 19. Rxa7 Bd8) 19. Nxe5 {[%emt 0:10:04]} d4 {[%emt 0:05:40]} 20. exd4 {[%emt 0:09:11]} Nxd4 {[%emt 0:00:40]} 21. Bh5+ {[%emt 0:01:47]} Kf8 {[%emt 0:00:54]} 22. Rd1 {[%emt 0:03:10]} Bf6 {[%emt 0:01:36]} 23. Nf7 {[%emt 0:00:37]} Rg8 {[%emt 0:01:20]} 24. Nd5 {[%emt 0:04:22]} cxd5 {[%emt 0:10:57]} 25. Rxf6 {[%emt 0:00:06]} Kg7 {[%emt 0:01:49]} 26. Ra6 {[%emt 0:01:26]} Nc2 {[%emt 0:09:21]} 27. Nd6 {[%emt 0:00:18]} Rgf8 {[%emt 0:04:40]} 28. b5 {[%emt 0:03:24]} Nb4 {[%emt 0:01:21]} 29. Nxf5+ {[%emt 0:00:26]} Rxf5 {[%emt 0:00:00]} 30. Ra4 {[%emt 0:00:18]} a5 {[%emt 0:01:35]} 31. bxa6 {[%emt 0:00:31]} Nc6 {[%emt 0:00:44]} 32. Bf3 $18 {[%emt 0:00:33]} Re5 {[%emt 0:00:46]} 33. g3 {[%emt 0:00:59]} Ra7 {[%emt 0:00:38]} 34. Rxd5 {[%emt 0:00:43]} Re1+ {[%emt 0:00:18]} 35. Kg2 {[%emt 0:00:05]} Ne5 {[%emt 0:00:35]} 36. Be4 {[%emt 0:04:00]} Kf6 {[%emt 0:00:29]} 37. Rd6+ {[%emt 0:00:08]} Kg7 {[%emt 0:00:38]} 38. Bb7 {[%emt 0:01:38]} Rc1 {[%emt 0:00:31]} 39. Rd5 {[%emt 0:00:38]} Kf6 {[%emt 0:00:13]} 40. Re4 {[%emt 0:00:00]} Nc4 {[%emt 0:00:21]} 41. c6 {[%emt 0:01:39]} Nb6 {[%emt 0:05:19]} 42. Rd6+ {[%emt 0:04:27]} Kf5 {[%emt 0:02:44]} 43. Re8 {[%emt 0:00:16]} Nc4 {[%emt 0:02:45]} 44. Rd5+ {[%emt 0:00:23]} Kf6 {[%emt 0:00:19]} 45. c7 {[%emt 0:00:18]} 1-0

[Event "EIWCC 2018"]
[Site "Vysoke Tatry"]
[Date "2018.04.11"]
[Round "4"]
[White "Gvanceladze, Anna"]
[Black "Arabidze, Meri"]
[Result "0-1"]
[WhiteElo "2302"]
[BlackElo "2393"]
[Annotator "NA"]
[PlyCount "120"]
[EventDate "2018.??.??"]
[EventType "swiss"]
[EventCountry "SVK"]
[SourceTitle "playchess.com"]
[Source "ChessBase"]
[SourceQuality "1"]
[TimeControl "40/5400+30:1800+30"]

1. e4 {[%emt 0:00:00]} c5 {[%emt 0:00:06]} 2. Nf3 {[%emt 0:00:00]} e6 {[%emt 0:00:07]} 3. g3 {[%emt 0:00:00]} d5 {[%emt 0:01:11]} 4. exd5 {[%emt 0:00:08]} exd5 {[%emt 0:00:04]} 5. d4 {[%emt 0:00:09]} Bd6 {[%emt 0:02:54] B40: Sicilian: 2...e6, Unusual lines} (5... Nf6 6. Bg2 Be7 7. O-O O-O 8. dxc5 Bxc5 9. Nc3 Nc6 10. a3 a6 11. b4 Ba7 12. Qd3 h6 13. Bb2 Ne7 14. Rad1 Bf5 15. Qd2 Ne4 16. Nxe4 Bxe4 17. Bd4 Bxd4 18. Nxd4 Bxg2 19. Kxg2 {1-0 (54) Kobalia,M (2596)-Rublevsky,S (2683) Sochi 2017}) 6. Bg2 {[%emt 0:00:37]} Ne7 {[%emt 0:00:15]} 7. O-O {[%emt 0:01:06]} O-O {[%emt 0:00:12]} 8. Nc3 {[%emt 0:05:26]} a6 {[%emt 0:01:51]} 9. Bg5 $146 {[%emt 0:03:51]} ({Predecessor:} 9. Re1 Nbc6 10. Bg5 f6 11. Be3 c4 12. Nh4 Bc7 13. Qh5 {0-1 (61) Frei,A (1747)-Pineiro,D (2180) Villa Martelli 2011}) 9... f6 {[%emt 0:07:57]} 10. Be3 {[%emt 0:00:55]} c4 {[%emt 0:03:04]} 11. Nd2 {[%emt 0:23:38]} Be6 {[%emt 0:02:10]} 12. Re1 {[%emt 0:07:51]} Bf7 {[%emt 0:01:27]} 13. Qf3 {[%emt 0:06:36]} Nbc6 {[%emt 0:00:56]} 14. Ne2 {[%emt 0:09:56] [#]} Nb4 $1 {[%emt 0:04:19]} 15. Rec1 {[%emt 0:01:13] [#]} Bg6 $1 {[%emt 0:01:41]} 16. c3 {[%emt 0:01:08]} Nc2 {[%emt 0:02:29]} 17. Rab1 {[%emt 0:00:06]} Nxe3 {[%emt 0:02:30]} 18. fxe3 {[%emt 0:01:45]} Bxb1 {[%emt 0:00:18]} 19. Rxb1 {[%emt 0:00:04]} Qa5 {[%emt 0:07:36]} 20. e4 {[%emt 0:03:48]} Qxa2 {[%emt 0:01:48]} 21. Nf4 {[%emt 0:03:45]} Bxf4 $1 {[%emt 0:17:19]} 22. Qxf4 {[%emt 0:02:10]} Rad8 {[%emt 0:00:57]} 23. Qc7 {[%emt 0:03:40]} Qa4 {[%emt 0:02:42]} 24. Qxe7 {[%emt 0:06:57]} Qc2 {[%emt 0:00:12]} 25. Qxb7 {[%emt 0:01:59]} Qxd2 {[%emt 0:01:44]} 26. exd5 {[%emt 0:05:00]} Rfe8 {[%emt 0:02:47]} 27. Rf1 {[%emt 0:00:01]} Rb8 {[%emt 0:13:31]} 28. Qc6 {[%emt 0:00:15]} Qxb2 {[%emt 0:00:33]} 29. Qxc4 {[%emt 0:01:31]} Rec8 {[%emt 0:02:11]} 30. Qxa6 {[%emt 0:00:24]} Qxc3 {[%emt 0:00:12]} 31. Qe6+ {[%emt 0:02:11]} Kh8 {[%emt 0:00:07]} 32. Qe4 {[%emt 0:02:19]} Re8 {[%emt 0:01:42]} 33. Qh4 {[%emt 0:00:56]} Rb4 {[%emt 0:01:07]} 34. Rd1 {[%emt 0:04:41]} Re1+ {[%emt 0:01:47]} 35. Rxe1 {[%emt 0:00:06]} Qxe1+ {[%emt 0:00:03]} 36. Bf1 {[%emt 0:00:04]} Qe3+ {[%emt 0:00:24]} 37. Kg2 {[%emt 0:00:14]} Rxd4 {[%emt 0:00:33]} 38. Qh5 {[%emt 0:00:19]} Qe4+ {[%emt 0:00:32]} 39. Kg1 {[%emt 0:01:12]} Rxd5 {[%emt 0:00:46]} 40. Qe2 {[%emt 0:00:00]} Qxe2 {[%emt 0:01:05]} 41. Bxe2 {[%emt 0:03:23]} Rd2 {[%emt 0:00:05]} 42. Kf2 {[%emt 0:00:06]} g6 {[%emt 0:00:43]} 43. Ke3 {[%emt 0:00:07]} Ra2 {[%emt 0:00:24]} 44. h4 {[%emt 0:00:46]} Kg7 {[%emt 0:02:34]} 45. Bc4 $19 {[%emt 0:00:24]} Ra3+ {[%emt 0:00:11]} 46. Kf2 {[%emt 0:00:04]} f5 {[%emt 0:01:26]} 47. Bd5 {[%emt 0:00:23]} Kf6 {[%emt 0:00:08]} 48. Kg2 {[%emt 0:00:27]} h6 {[%emt 0:00:50]} 49. Kf2 {[%emt 0:00:18]} Ke5 {[%emt 0:00:58]} 50. Bf7 {[%emt 0:00:48]} g5 {[%emt 0:01:22]} 51. hxg5 {[%emt 0:00:09]} hxg5 {[%emt 0:00:01]} 52. Bg6 {[%emt 0:00:27]} Ra2+ {[%emt 0:03:45]} 53. Ke3 {[%emt 0:00:14]} Ra6 {[%emt 0:00:18]} 54. Be8 {[%emt 0:01:48]} Ra3+ {[%emt 0:00:38]} 55. Kf2 {[%emt 0:00:08]} Rc3 {[%emt 0:00:28]} 56. Ba4 {[%emt 0:00:28]} f4 {[%emt 0:01:33]} 57. gxf4+ {[%emt 0:00:09]} Kxf4 {[%emt 0:00:10]} 58. Kg2 {[%emt 0:00:15]} Rd3 {[%emt 0:00:36]} 59. Bc6 {[%emt 0:00:26]} Rd2+ {[%emt 0:00:12]} 60. Kg1 {[%emt 0:00:48]} Kg3 {[%emt 0:00:09]} 0-1

[Event "EIWCC 2018"]
[Site "Vysoke Tatry"]
[Date "2018.04.11"]
[Round "4"]
[White "Ozturk, Kubra"]
[Black "Cramling, Pia"]
[Result "1/2-1/2"]
[WhiteElo "2295"]
[BlackElo "2472"]
[Annotator "TA"]
[PlyCount "71"]
[EventDate "2018.??.??"]
[EventType "swiss"]
[EventCountry "SVK"]
[SourceTitle "playchess.com"]
[Source "ChessBase"]
[SourceQuality "1"]

{[%evp 15,71,0,21,0,0,0,3,6,13,-4,13,11,16,11,18,18,15,-5,21,-3,12,17,17,8,25,24,24,0,26,22,26,17,25,-32,-32,-43,20,14,10,0,10,9,12,11,20,20,39,0,0,0,0,0,2,2,5,2,2,5]} 1. d4 Nf6 2. c4 e6 3. Nf3 b6 4. g3 Bb7 5. Bg2 Bb4+ 6. Bd2 Be7 7. O-O {E16: Queen's Indian: 4 g3 Bb7 5 Bg2 Bb4+} O-O 8. Bg5 (8. Nc3 Na6 9. Rc1 Re8 10. Bf4 Ne4 11. Nxe4 Bxe4 12. Qa4 Qc8 13. Rfd1 c5 14. d5 Bf6 15. dxe6 dxe6 16. Ne5 Bxg2 17. Kxg2 Nb4 18. Kg1 Bxe5 19. Bxe5 Nc6 20. Bc3 Qc7 {½-½ (20) Kuzubov,Y (2699)-Rapport,R (2707) Riadh 2017}) 8... d6 {LiveBook: 3 Games} 9. Bxf6 Bxf6 10. Qc2 {And now Ng5! would win.} g6 11. Nc3 $146 ({Predecessor:} 11. Rd1 Nd7 12. Nc3 Qe7 13. d5 a5 14. Nd4 Nc5 15. dxe6 Bxg2 16. Kxg2 fxe6 {0-1 (31) Fabris,Z (2061)-Levar,N (2183) Zagreb 2008}) 11... Bg7 12. e4 Nd7 13. Rad1 Qe7 14. d5 a6 15. Rfe1 Rae8 16. b4 Qd8 17. Nd4 Bxd4 18. Rxd4 e5 19. Rdd1 f5 20. exf5 gxf5 21. f4 Qf6 22. Ne2 Bc8 23. Qc3 Re7 24. Nc1 (24. Rf1 $11) 24... Rfe8 $15 25. Nd3 Kg7 (25... e4 $15 26. Qxf6 Nxf6) 26. fxe5 Nxe5 27. Nxe5 Rxe5 28. Rxe5 Qxe5 29. Qxe5+ Rxe5 $11 {[%mdl 4096] Endgame KRB-KRB} 30. Kf2 Kf6 31. a4 a5 {The position is equal.} 32. bxa5 bxa5 33. c5 dxc5 34. Rc1 Bd7 35. Rxc5 Bxa4 36. Rxa5 {Precision: White = 48%, Black = 47%.} 1/2-1/2

[Event "EIWCC 2018"]
[Site "Vysoke Tatry"]
[Date "2018.04.11"]
[Round "4"]
[White "Sedina, Elena"]
[Black "Berke, Ana"]
[Result "1-0"]
[WhiteElo "2292"]
[BlackElo "2173"]
[Annotator "TA"]
[PlyCount "99"]
[EventDate "2018.??.??"]
[EventType "swiss"]
[EventCountry "SVK"]
[SourceTitle "playchess.com"]
[Source "ChessBase"]
[SourceQuality "1"]

{[%evp 16,99,-4,0,0,-32,-31,-24,-17,-8,-8,-8,-16,-8,-3,-6,-9,-8,-5,-7,-6,-7,-4,-45,0,-6,18,17,16,18,427,416,441,431,470,462,515,531,524,528,525,522,462,385,701,682,705,705,675,658,575,521,814,813,1161,1161,1450,812,1194,1114,1081,1043,1099,1037,1944,1241,5601,5009,29976,7022,2379,0,29978,29979,29980,29981,29981,29982,29982,29983,29985,29984,29984,29985,29985,29986]} 1. e4 c5 2. Nf3 Nc6 3. Bb5 g6 4. O-O Bg7 5. c3 Nf6 6. Re1 O-O 7. h3 a6 {B31: Sicilian: 2...Nc6 3 Bb5 g6} (7... e5 8. d3 d6 9. Nbd2 h6 10. Nf1 Be6 11. Ng3 Rc8 12. Ba4 Kh7 13. Be3 Nd7 14. Bxc6 bxc6 15. d4 exd4 16. cxd4 d5 17. Qd2 {½-½ (74) Kasimdzhanov,R (2683)-Moiseenko,A (2667) Riadh 2017}) 8. Ba4 b5 9. Bc2 {LiveBook: 3 Games} e5 {The position is equal.} 10. d4 cxd4 11. cxd4 Nxd4 $146 ({Predecessor:} 11... d6 12. d5 Nb4 13. Bb3 a5 14. a3 Na6 15. Nc3 {1-0 (43) Boel,M (2219)-Stanisz,P (2064) London 2016}) 12. Nxd4 exd4 13. e5 Ne8 14. Qxd4 Bb7 15. Nc3 d6 16. Bf4 dxe5 17. Qxd8 Rxd8 18. Bxe5 Rd2 19. Bb3 (19. Rac1 {seems wilder.} Bxe5 20. Rxe5 b4 21. Nb1 Rd4 22. Bb3) 19... Nf6 20. Rad1 $36 {[%mdl 2048] White fights for an advantage.} Rxd1 21. Rxd1 Re8 22. f4 {[%cal Bf2f4,Bf4e5,Be5e6][%mdl 32] [#] Strongly threatening Rd6.} h5 $2 {[%mdl 8192]} (22... Bc8 $11) 23. Rd6 $18 Ne4 24. Rd7 Bxe5 25. fxe5 ({Weaker is} 25. Bxf7+ Kf8 $18) 25... Rb8 26. Rxf7 Kh8 27. Rxb7 Rxb7 28. Nxe4 Kg7 29. Kf2 a5 $2 {[#]} (29... Rc7 30. Kf3 Rc1) 30. e6 a4 31. Bd5 Rc7 32. Ke3 Kf8 33. b4 Rc2 34. g3 a3 35. Kd3 Rb2 36. Kc3 Re2 37. Kd4 Ke7 38. Kc5 h4 39. gxh4 Re3 40. Ng5 Re5 41. Nf3 Rh5 42. Kc6 (42. Nd4 $142 Rxh4 43. Nc6+ Kf6 44. e7 Rh8 45. Kxb5 Re8 46. Kc5 Rxe7 47. Nxe7 Kxe7 48. h4) 42... Rf5 43. Kc5 Rh5 44. Nd4 {White mates.} Rxh4 45. Nxb5 Rxh3 46. Nd4 Rc3+ 47. Bc4 g5 48. b5 {[%cal Bb4b5,Bb5b6,Bb6b7][%mdl 32]} Rh3 49. b6 g4 50. b7 {Precision: White = 78%, Black = 28%.} 1-0

[Event "EIWCC 2018"]
[Site "Vysoke Tatry"]
[Date "2018.04.11"]
[Round "4"]
[White "Fuchs, Judith"]
[Black "Shuvalova, Polina"]
[Result "1/2-1/2"]
[WhiteElo "2286"]
[BlackElo "2389"]
[Annotator "TA"]
[PlyCount "123"]
[EventDate "2018.??.??"]
[EventType "swiss"]
[EventCountry "SVK"]
[SourceTitle "playchess.com"]
[Source "ChessBase"]
[SourceQuality "1"]

{[%evp 19,123,0,13,0,0,-8,19,-10,-8,-10,-10,-12,-12,-14,-8,-8,-8,-15,-6,-17,-14,-39,-39,-37,-27,-22,0,0,0,-18,0,0,12,8,20,12,27,7,40,47,39,22,31,18,44,12,39,43,106,120,182,116,774,763,704,338,292,90,83,80,91,82,87,87,248,250,273,263,239,238,204,209,218,218,218,212,207,210,205,200,202,194,366,372,368,348,410,14,22,45,45,0,0,0,0,0,0,0,0,0,0,0,0,0,0,0]} 1. d4 Nf6 2. Bf4 e6 3. e3 d5 4. Nf3 Bd6 5. Bg3 O-O 6. Bd3 c5 7. c3 {D02: 1 d4 d5 2 Nf3 sidelines, including 2...Nf6 3 g3 and 2...Nf6 3 Bf4} b6 8. Nbd2 Ba6 (8... Bb7 9. Qe2 Nc6 10. Rd1 Re8 11. e4 Be7 12. e5 Nh5 13. a3 g6 14. Qe3 {1-0 (31) Esipenko,A (2571)-Matlakov,M (2709) Moscow 2018}) 9. Bxa6 Nxa6 10. Qe2 Nc7 {LiveBook: 5 Games} 11. Ne5 Nce8 12. O-O g6 13. Nc6 $146 ({Find the theoretical novelty and annotate with similar games:} 13. h3 Nh5 {½-½ (47) Chemin,J-Kaminski,H Guarapuava 1992}) 13... Qc7 {Threatens to win with ...Bxg3.} 14. Bxd6 Nxd6 15. Ne5 $1 Rac8 16. Rad1 Nfe4 17. Nxe4 Nxe4 18. Qg4 Qe7 19. Rfe1 f6 {[%cal Bf7f6,Bf6f5][%mdl 32]} 20. Nd3 (20. Nf3 {NOTEXT} f5 21. Qh3 Qg7 22. Nd2 Nxd2 23. Rxd2 Qf6 24. dxc5 bxc5 25. f3) 20... c4 21. Nf4 f5 22. Qe2 b5 23. f3 Nd6 24. Nh3 Qb7 25. Nf2 b4 26. e4 Rfe8 27. Qd2 dxe4 28. fxe4 bxc3 (28... fxe4 29. Qf4 $16) 29. bxc3 Rb8 30. Qf4 $36 {[%mdl 2048] White has good play.} Nb5 31. Re3 Qc7 32. Qg5 Qa5 33. Rde1 Rf8 (33... Nxc3 $6 34. exf5 Rf8 35. Qg3 $16) (33... Qd8 $1 $14 34. Qg3 Nd6) 34. exf5 $16 Nxc3 (34... Rxf5 $16 35. Qh4 Qd8) 35. Ng4 $18 {Strongly threatening Nf6+.} Kh8 $2 {[%mdl 8192]} (35... exf5 $16 36. Nf6+ Rxf6 37. Qxf6 Ne4 38. Qe6+ Kg7) 36. Ne5 {White threatens Nxg6+! and mate.} Rxf5 {[#]} 37. Nxg6+ $1 {[%mdl 512]} Kg7 (37... hxg6 38. Qh6+) 38. Qe7+ $2 (38. Qg3 $18 {and the rest is easy.} hxg6 39. Qxb8) 38... Rf7 $16 39. Qd6 Qf5 {( -> ...Qf2+)} 40. Qe5+ $1 (40. Qxb8 $2 Qf2+ 41. Kh1 Qf1+ $1 {[%mdl 512]} 42. Rxf1 Rxf1#) 40... Rf6 41. Qxf5 (41. Qxb8 $2 Qf2+ 42. Kh1 Qf1+ $1 {[%mdl 512]} 43. Rxf1 Rxf1#) 41... exf5 $2 (41... Rxf5 $16 {keeps fighting.} 42. Nh4 (42. Rxc3 hxg6 43. h3 Rb2 $14) 42... Rh5) 42. Nf4 $1 $18 {[%cal Rf4h5]} ({Less strong is} 42. Rxc3 hxg6 43. Rxc4 Ra6 $14) 42... Ne4 43. Nh5+ Kg6 44. Nxf6 Kxf6 {[%mdl 4096] Endgame KRR-KRN} 45. Rf1 Ke6 46. g4 Rg8 47. h3 Kd5 48. Rxf5+ Kxd4 49. Re1 c3 {[#]} 50. Rf7 $1 {[%cal Rf7d7] Black must now prevent Rd7+.} c2 $2 {[#]} (50... Rd8 51. Rxh7 c2) 51. Rd7+ $1 ({Inferior is} 51. Rxa7 Rc8 $11) 51... Kc3 52. Rc7+ Kd3 53. Rxe4 $2 ({White must play} 53. Rc1 $18) 53... Kxe4 $11 54. Rxc2 $18 {KR-KR} h5 $1 55. Rc4+ Kf3 {The position is equal.} 56. Rc3+ Kf4 $1 57. Kg2 {Hoping for Rc4+.} hxg4 58. Rc4+ Kf5 59. h4 Rd8 60. Rc5+ Kf4 61. Rc4+ Kf5 62. Rc5+ {Precision: White = 52%, Black = 40%.} 1/2-1/2

[Event "EIWCC 2018"]
[Site "Vysoke Tatry"]
[Date "2018.04.11"]
[Round "4"]
[White "Yildiz Kadioglu, Betul Cemre"]
[Black "Cosman, Andreea-Marioara"]
[Result "1-0"]
[WhiteElo "2286"]
[BlackElo "2141"]
[Annotator "TA"]
[PlyCount "87"]
[EventDate "2018.??.??"]
[EventType "swiss"]
[EventCountry "SVK"]
[SourceTitle "playchess.com"]
[Source "ChessBase"]
[SourceQuality "1"]

{[%evp 21,87,45,76,37,36,29,29,29,24,19,32,43,50,37,38,37,43,36,58,36,38,40,41,43,41,27,27,28,29,27,29,31,33,12,16,0,33,33,32,32,33,30,43,33,38,36,207,202,249,241,314,313,291,292,322,334,312,305,394,383,728,673,1218,872,914,860,1884,1847]} 1. Nf3 Nf6 2. d4 g6 3. c4 c5 4. Nc3 cxd4 5. Nxd4 Nc6 6. e4 Nxd4 7. Qxd4 d6 8. Bg5 Bg7 9. Qd2 O-O 10. Bd3 a5 {B36: Sicilian: Maroczy Bind: Gurgenidze System} 11. O-O (11. a4 Be6 12. b3 Nd7 13. O-O Qb6 14. Rab1 Qb4 15. Rfc1 Nc5 16. Qc2 Bxc3 17. Qxc3 f6 18. Bh6 Qxc3 19. Rxc3 {0-1 (75) Bindrich,F (2598)-McShane,L (2647) Germany 2018}) 11... a4 {LiveBook: 18 Games} 12. Rad1 Be6 {White is slightly better.} 13. Rfe1 $146 ({Find the theoretical novelty and annotate with similar games:} 13. f4 Qb6+ 14. Kh1 Rfc8 15. f5 Bxc4 16. Bxc4 Rxc4 17. fxg6 hxg6 18. Nd5 {½-½ (41) Van Foreest,J (2231)-Gonzalez,A (1988) Maribor 2012}) 13... Ng4 14. Nd5 Bxd5 15. exd5 Ne5 16. Bf1 Re8 17. h3 Qb6 18. Be3 Qa5 19. Qxa5 Rxa5 20. Bb6 Raa8 21. c5 {[#] aiming for Bb5.} Rec8 22. Bb5 g5 23. cxd6 exd6 24. Rc1 Ng6 25. Rxc8+ Rxc8 26. Bxa4 Bxb2 27. Bd7 Rc2 28. Ba4 Rc8 29. Rb1 Rc1+ 30. Rxc1 Bxc1 $14 {[%mdl 4096] Endgame KBB-KBN} 31. g3 Bb2 32. Kf1 {Hoping for Bd8.} Kg7 33. Ke2 Kf6 $2 {[#]} (33... h5 $14) 34. Bd8+ $18 Ke5 35. Bxg5 f6 36. Bh6 Ne7 37. Bc2 Nxd5 38. Bxh7 Nb4 39. Bf4+ Kd5 40. h4 {[%cal Bh3h4,Bh4h5][%mdl 32]} Kc5 $2 (40... Ke6 41. Bg8+ Ke7) 41. Bf5 {White is clearly winning.} Nd5 42. h5 Ne7 43. g4 Nd5 44. Be3+ {Precision: White = 69%, Black = 52%.} 1-0

[Event "EIWCC 2018"]
[Site "Vysoke Tatry"]
[Date "2018.04.11"]
[Round "4"]
[White "Prudnykova, Olga"]
[Black "Okuyaz, Duru"]
[Result "1-0"]
[WhiteElo "2281"]
[BlackElo "2122"]
[Annotator "TA"]
[PlyCount "113"]
[EventDate "2018.??.??"]
[EventType "swiss"]
[EventCountry "SVK"]
[SourceTitle "playchess.com"]
[Source "ChessBase"]
[SourceQuality "1"]

{[%evp 18,113,13,20,45,16,35,35,29,4,0,-18,0,0,0,0,0,0,0,0,0,0,0,0,38,35,33,42,42,35,41,39,41,54,47,47,35,45,38,35,31,34,41,36,41,0,2,0,8,32,39,39,106,123,145,143,142,133,119,14,13,0,247,217,505,501,542,462,772,663,878,878,868,868,847,848,1234,1301,2267,1907,1685,2033,29977,29978,29977,1548,1506,1400,29982,29981,29982,29983,29983,29984,29986,29985,29984,29985]} 1. e4 e6 2. d4 d5 3. Nd2 a6 4. Ngf3 c5 5. c3 Nc6 6. Bd3 cxd4 7. cxd4 dxe4 8. Nxe4 Bb4+ {C07: French Tarrasch: 3...c5, 4 Ngf3 and 4 exd5 Qxd5} 9. Nc3 Nf6 10. O-O {LiveBook: 12 Games} h6 {The position is equal.} 11. Bc2 $146 ({Predecessor:} 11. h3 O-O 12. Be3 Bd6 13. Re1 Re8 14. Qd2 Bf8 15. Rad1 Nb4 16. Bb1 {½-½ (24) Burri,Q (2043)-Peric,S (2199) Sautron 2013}) 11... Ba5 12. a3 b5 13. Qd3 Bb7 14. Re1 Ne7 15. Ne5 Nf5 16. Qxf5 exf5 17. Nc6+ $1 Ne4 18. Nxd8 Kxd8 19. b4 {[%cal Rc3e4]} Nxc3 20. bxa5 Be4 21. Bb3 Bd5 22. Bxd5 Nxd5 23. Re5 Ne7 24. Bd2 f6 25. Re6 $1 {Rae1 is the strong threat.} Kd7 26. Rae1 Nd5 27. Bb4 $1 Nxb4 28. Re7+ Kd6 {And now ...Nc2 would win.} 29. axb4 $14 {[%mdl 4096] Endgame KRR-KRR} Rhg8 30. Kf1 Kd5 31. Rc1 Rac8 32. Rd7+ Ke6 $1 33. Rxc8 Rxc8 34. Rxg7 $11 {aiming for Ra7. KR-KR} Rc4 (34... Kd5 $14) 35. Ra7 $16 Rxb4 36. Rxa6+ Kd5 37. Rxf6 Ra4 {[#]} 38. Rxf5+ (38. a6 $1 $16) 38... Kc4 $1 $11 39. Rc5+ (39. Ke1 {seems wilder.} b4 40. Kd2 b3 41. Kc1 Ra1+ 42. Kb2) 39... Kb4 $2 (39... Kd3 $11 {and Black has nothing to worry.} 40. f4 b4) 40. Ke2 $18 Rxa5 $2 (40... Kxa5 {was worth a try.} 41. d5 Rg4) 41. f4 {[%cal Bf2f4,Bf4f5][%mdl 32]} Ra2+ 42. Kf3 Ra3+ (42... Rd2 $142 43. Rc6 Rxd4 44. Rxh6 Kc5) 43. Ke4 Ra2 44. f5 Rf2 45. g4 Ka4 46. h4 {[%cal Bh2h4,Bh4g5,Bg5g6,Bg6g7][%mdl 32]} b4 47. g5 hxg5 48. hxg5 b3 49. Rc8 Kb4 50. g6 Rg2 51. d5 (51. f6 $142 Rxg6 52. f7 Rf6 53. f8=Q+ Rxf8 54. Rxf8 Kc3 55. d5 b2 56. Rb8) 51... b2 52. Rb8+ Kc4 {[#]} 53. Rxb2 $1 {[%mdl 512] White mates.} Rxb2 54. g7 Rg2 55. f6 Rg6 56. Kf5 Rg1 57. d6 {Precision: White = 68%, Black = 47%.} 1-0